Một số hình thức và biện pháp nâng cao hiệu quả sử dụng sách giáo khoa trong dạy học hóa học ở trường trung học phổ thông /
Shranjeno v:
| Glavni avtor: | |
|---|---|
| Format: | Bài viết |
| Jezik: | Vietnamese |
| Teme: | |
| Oznake: |
Označite
Brez oznak, prvi označite!
|
| Thư viện lưu trữ: | Thư viện Trường Đại học Đà Lạt |
|---|
| LEADER | 00920nam a2200253 4500 | ||
|---|---|---|---|
| 001 | DLU130155433 | ||
| 005 | ##20131022 | ||
| 040 | # | # | |a DLU |b vie |
| 041 | # | # | |a vie |
| 044 | # | # | |a vn |
| 100 | # | # | |a Nguyễn Thị Trúc Mai. |
| 245 | # | # | |a Một số hình thức và biện pháp nâng cao hiệu quả sử dụng sách giáo khoa trong dạy học hóa học ở trường trung học phổ thông / |c Nguyễn Thị Trúc Mai. |
| 653 | # | # | |a Hóa học |
| 653 | # | # | |a Phổ thông trung học |
| 653 | # | # | |a Sách giáo khoa |
| 773 | # | # | |t Tạp chí Khoa học Đại học Sư phạm TP. Hồ Chí Minh: Khoa học giáo dục |g Số 45(79), 2013, tr. 25-33 |
| 920 | # | # | |a Phòng Tạp chí -- Trung tâm Thông tin - Thư viện Trường Đại học Đà Lạt |
| 900 | # | # | |a True |
| 911 | # | # | |a Hoàng Thị Huyền |
| 925 | # | # | |a G |
| 926 | # | # | |a A |
| 927 | # | # | |a BB |
| 980 | # | # | |a Thư viện Trường Đại học Đà Lạt |